Countries of Europe by their Native Name - Statistics

General Stats
  • This quiz has been taken 47 times
  • The average score is 42 of 46
Answer Stats
Hint Answer % Correct
Andorra Andorra
100%
Bielaruś Belarus
100%
Belgique Belgium
100%
Danmark Denmark
100%
Italia Italy
100%
Česká republika Czech Republic
97%
Deutschland Germany
97%
Kosova Kosovo
97%
Malta Malta
97%
Moldova Moldova
97%
Monaco Monaco
97%
Polska Poland
97%
Portugal Portugal
97%
România Romania
97%
Rossiya Russia
97%
Srbija Serbia
97%
The United Kingdom of Great Britain and Northern Ireland United Kingdom
97%
Österreich Austria
95%
Bosna i Hercegovina Bosnia and Herzegovina
95%
France France
95%
Latvija Latvia
95%
Liechtenstein Liechtenstein
95%
Nederland Netherlands
95%
Severna Makedonija North Macedonia
95%
Slovensko Slovakia
95%
España Spain
95%
Ukrayina Ukraine
95%
Bŭlgariya Bulgaria
92%
Norge Norway
92%
San Marino San Marino
92%
Slovenija Slovenia
92%
Schweiz Switzerland
92%
Città del Vaticano Vatican City
92%
Ísland Iceland
90%
Lietuva Lithuania
90%
Kýpros Cyprus
87%
Lëtzebuerg Luxembourg
87%
Sverige Sweden
85%
Eesti Estonia
82%
Éire Ireland
82%
Magyarország Hungary`
79%
Hrvatska Croatia
77%
Suomi Finland
77%
Shqipëria Albania
69%
Crna Gora Montenegro
69%
Elláda Greece
56%
No matching quizzes found
Score Distribution
Percent of People with Each Score
Percentile by Number Answered
Your Score History
You have not taken this quiz